00398 a2200109 4500001001000000005001700010008004100027245010900068100001800177773007600195999001700271ART_6156220260410161611.0260409a 10aEstado de evolución del patrimonio neto ajustado por inflación, en el marco de la RT 54 (t.o. RT 59)1 aSuardi, Diana0 tProfesional & Empresariag- Año XXVI, Nº 299 (sep./oct. 2024)wREV70 c10673d10673